El Pop o la visió hyrkanesa del món ; Sobre la Forma Pura / Stanislaw Ignacy Witkiewicz. El Pop : projecte de muntatge / Tadeusz Kantor ; traducció i introducció de Josep M. de Sagarra projecte de muntatge / Tadeusz Kantor ; traducció i introducció de Josep M. de Sagarra

per Witkiewicz, Stanislaw Ignacy

Descripció física: 132 p. ; 18 cm

MARC

LEADER 00000nam a2200000Ia 4500
001 9791
008 160829s1992 xx 000 0 cat d
080 |a L-1-264 
100 |a Witkiewicz, Stanislaw Ignacy  |9 35678  |e autor 
245 |a El Pop o la visió hyrkanesa del món ; Sobre la Forma Pura / Stanislaw Ignacy Witkiewicz. El Pop :  |b  projecte de muntatge / Tadeusz Kantor ; traducció i introducció de Josep M. de Sagarra 
260 |a Barcelona :  |b Institut del Teatre. Diputació de Barcelona,  |c 1992 
300 |a 132 p. ;  |c 18 cm 
490 |a Biblioteca teatral ; 79 
590 |a Premi Josep M. de Sagarra 1991. 
700 |a Kantor, Tadeusz   |9 35679  |e autor 
700 1 |a Sagarra, Josep M. de,   |d 1894-1961  |e traductor, autor del pròleg  |9 56454 
710 1 |a Institut del Teatre (Barcelona, Catalunya)  |9 52662 
901 |a Arxiu 
942 |n 1  |2 udc 
952 |0 0  |1 0  |4 0  |6 L1264  |7 1  |9 47027  |a Arxiu  |b Arxiu  |d 2016-12-01  |l 0  |o L-1-264  |p 9791  |r 2016-12-01 00:00:00  |w 2016-12-01  |y ARXIU 
999 |c 50820  |d 50820